000 00667cam a22002171 4500
001 ca 36000295
003 DLC
005 20260227111140.0
008 790817s1936 maua 000 0 eng
010 _aca 36000295
035 _a(OCoLC)5283437
040 _aDLC
_cOCl
_dDLC
042 _apremarc
050 0 0 _aPS3525.A2777
_bS75 1936
082 _a812.5
100 1 _aMcMullen, J. C.
_q(Joseph Carl),
_d1882-
245 1 2 _aA stranger passes:
_ba play in three acts,
_cby Joseph Carlton [pseud.]
260 _aBoston, Mass.,
_aLos Angeles, Cal.
_b[Walter H. Baker company,
_cc1936]
300 _a3 p. l., 5-121 p.
_bdiagr.
_c19 cm.
490 0 _aBaker's royalty plays
999 _c18062
_d18062